000 00302nam a22001097a 4500
005 20251014135729.0
008 251014b |||||||| |||| 00| 0 eng d
040 _cPK-LaNCA
082 _a720.92
_bKAR
245 _aKarl Friedrich Schinkel 1781-1841 : an architect in the service of beauty
942 _cBK
999 _c67084
_d67084